| 000 | 01087cam a2200337 i 4500 | ||
|---|---|---|---|
| 999 |
_c200459567 _d77779 |
||
| 003 | TR-AnTOB | ||
| 005 | 20240130134638.0 | ||
| 007 | ta | ||
| 008 | 230531s2022 tu 000 0 tur d | ||
| 020 | _a9786052640722 | ||
| 040 |
_aTR-AnTOB _beng _erda _cTR-AnTOB |
||
| 041 | 0 | _atur | |
| 050 | 4 |
_aKKX500 _b.K475 2022 |
|
| 090 |
_aKKX500 _b.K475 2022 |
||
| 100 | 1 |
_aKeskin, Ayşe Dilşad, _d1975- _eauthor _9121821 |
|
| 245 | 1 | 0 |
_aMedeni hukuk açısından bizzat karar verme hakkı: _b(selbstbestimmungsrecht) / _cDoç. Dr. A. Dilşad Keskin. |
| 246 | 3 | 0 | _aBizzat karar verme hakkı |
| 246 | 3 | 0 | _aSelbstbestimmungsrecht |
| 250 | _aBirinci Baskı | ||
| 264 | 1 |
_aAnkara : _bAdalet Yayınevi, _c2022. |
|
| 300 |
_a301 pages ; _c23 cm |
||
| 336 |
_atext _btxt _2rdacontent |
||
| 337 |
_aunmediated _bn _2rdamedia |
||
| 338 |
_avolume _bnc _2rdacarrier |
||
| 490 | 0 |
_aHukuk Yayınları Dizisi ; _v3303 |
|
| 504 | _aBIB | ||
| 650 | 7 |
_aMedeni hukuk _zTürkiye _2etuturkob _97805 |
|
| 650 | 7 |
_aKişiler (Hukuk) _zTürkiye _2etuturkob _9111428 |
|
| 942 |
_2lcc _cBK |
||